| 000 | 00430nam a22001577a 4500 | ||
|---|---|---|---|
| 999 |
_c17142 _d17142 |
||
| 008 | 180815b xxu||||| |||| 00| 0 eng d | ||
| 020 | _a0155080474 | ||
| 050 |
_aBF121 _b .S74 2000 c.1 |
||
| 100 | _aSternberg, Robert J. | ||
| 245 |
_aPathways to Psychology _c Robert J. Sternberg |
||
| 250 | _a2nd ed. | ||
| 260 |
_aAustralia _bWadsworth _c2000 |
||
| 300 | _a1vol. (various paging) | ||
| 650 | _aPsychology | ||
| 942 |
_2lcc _cBK |
||